00429nam a2200121Ia 4500008004100000100002800041245011500069245002800184260000900212300001100221650001300232856006200245170221s9999 xx 000 0 und d aZdzisław W. Puślecki aTHE NEW TENDENCY IN THE DEVELOPMENT OF THE EUROPEAN UNION COMMON TRADE POLICY DURING THE WORLD ECONOMIC CRISIS cZdzisław W. Puślecki c2012 a10 : 1 xBusiness uhttp://escijournals.net/index.php/JBF/article/view/29/132